LEADER 01825nam a2200301 4500 001 000000351658 003 CaOOAMICUS 005 20220926155817.0 008 220926s2014 it 000 u ita r 020 $a978-88-6434-082-1 040 $aSeMil$bita 100 1 $aTomaino, Maria Gemma.$0(OLS)http://semarc/name/116519 245 10$aRoberto di Molesme e la fondazione di Cîteaux nelle principali fonti storiche dell'11. e del 12. secolo e nella Vita s. Roberti (13. secolo) :$bnel 9. centenario della morte di s. Roberto (1111-2011) /$cMaria Gemma Tomaino ; [prefazione di p. Alberich Martin Altermatt]. 264 1$aFirenze :$bNerbini,$c2014. 300 $a446 p. ;$c21 cm 490 1 $aQuaestiones ;$v3 600 04$aRoberto : di Molesme .$0(OLS)http://semarc/subject/52884 650 4$aSaint-Nicolas-lès-Cîteaux - Abbazia di Cîteaux - Fondazione - Fonti - Sec. 11.-12.$0(OLS)http://semarc/subject/52885 650 4$aSpahr, Kolumban . Vita Sancti Roberti.$0(OLS)http://semarc/subject/52886 650 4$aChiesa - Riforma - Sec. 11.$0(OLS)http://semarc/subject/14087 700 1 $aAltermatt, Alberich Martin,$c.$0(OLS)http://semarc/name/23796 830 0$aQuaestiones ;$v3.$0(OLS)http://semarc/title/441462 850 $aSeMil 852 $aSeMil$W1$xVenegono$y1$m3B I 192$j234572$B242844$CSeMilBibl$Z2$F242844 $81 996 $6020$a978-88-6434-082-1$9(OLS)http://semarc/number/296757 996 $6245$aRoberto di Molesme e la fondazione di Cîteaux nelle principali fonti storiche dell'11. e del 12. secolo e nella Vita s. Roberti (13. secolo) :$bnel 9. centenario della morte di s. Roberto (1111-2011)$9(OLS)http://semarc/title/441461 996 $6264$aFirenze :$bNerbini$9(OLS)http://semarc/publisher/32321 LEADER 01168nam a2200241 i 4500 001 000000065552 003 CaOOAMICUS 005 20131105000000.0 008 131105s1975 it u000 u ita u 013 $a36724 040 $aSeMil$bita 100 1 $aPoletti, Vincenzo.$0(OLS)http://semarc/name/28265 245 10$aAnselmo d'Aosta :$bfilosofo mistico /$cVincenzo Poletti Incaricato di Storia della Filosofia Medioevale nell'Università di Bologna. 260 $aFaenza :$bStab. Grafico F.lli Lega,$cstampa 1975. 300 $a170 p. ;$c26 cm. 500 $aContiene : Bibliografia. 600 04$aAnselmo : d'Aosta .$0(OLS)http://semarc/subject/5444 650 4$aAnselmo : d'Aosta - Pensiero filosofico.$0(OLS)http://semarc/subject/12771 650 4$aAnselmo : d'Aosta - Pensiero teologico.$0(OLS)http://semarc/subject/12689 850 $aSeMil 852 $aSeMil$W1$xVenegono$y1$m2N I 130$j31705$B31705$CSeMilBibl$Z2$F31708 $81 996 $6245$aAnselmo d'Aosta :$bfilosofo mistico$9(OLS)http://semarc/title/104051 996 $6260$aFaenza :$bStab. Grafico F.lli Lega$9(OLS)http://semarc/publisher/35564